00771nam a2200241 a 450000100100000000500170001000800410002702000150006804000250008304100390010808200130014724000390016024500880019926000370028730000210032453400520034570000230039770000220042070000150044270000220045770000260047970000240050500002450220200930023216.0110128s1982 ag r 001 0 spa d a9500097028 aDO-SdBNPbspacBNPHU17aspaheng2Código de idiomas MARC ann*bnn*10aThe future of business.lEspañol03aEL futuro de la empresa /cCourtney C. Brown... [et al.] ; traducción Cesar Aira. aBuenos Aires :bFraterna,c1982. a194 p. ;c20 cm. aTítulo del original :tThe future of business1 aKeohane, Robert O.1 aAira, Cesar,etr.1 aWays, Max.1 aDrucker, Peter F.1 aWeidenbaum, Murray L.1 aKissinger, Henry A.